Vodní dýmka průvodce světem vodních dýmek

Bibliographic Details
Main Authors: Jančár, Timotej (Author), Sedláček, Miroslav (Author)
Other Authors: Kadlecová, Marta, 1986- (Translator)
Format: Book
Language:Czech
Slovak
PhysicalDescription:100 s. fotogr., ilustr. 15 cm
Published: Praha Knižní klub 2012
ISBN:9788024237497
Edition:1. vyd.
Series:Universum
Subjects:

MARC

LEADER 00000nam a2200000 a 4500
001 vtls010522331
003 SK-MaSNL
005 20260301174405.0
008 240318s2012 xr ao f 000 0 cze
015 |a SNBZSA2013-001230 
020 |a 9788024237497  |q (brož.) 
035 |a urn:nbn:sk:snk-am00cziw 
035 |a urn:nbn:sk:snk-am3hgis 
035 |a 385DBF2A-1425-44B2-96FF-8A453E6C4970 
040 |a SNK  |b slo  |c SNK  |e AACR2 
041 1 |a cze  |h slo 
044 |a xr  |c CZ 
072 7 |a 688  |x Dekoračné predmety. Hračky. Galantéria  |2 konspekt 
080 |a 688.932  |2 2001 
080 |a 613.84  |2 2001 
080 |a (036)  |2 2001 
100 1 |a Jančár, Timotej  |4 aut  |9 546692 
240 1 0 |a Vodná fajka  |l Česky 
245 1 0 |a Vodní dýmka  |b průvodce světem vodních dýmek  |c Timotej Jančár, Miroslav Sedláček ; [ze slovenského originálu ... přeložila Marta Kadlecová] 
246 3 0 |a Průvodce světem vodních dýmek 
250 |a 1. vyd. 
260 |a Praha  |b Knižní klub  |c 2012 
300 |a 100 s.  |b fotogr., ilustr.  |c 15 cm 
490 1 |a Universum 
504 |a Pozn. ; slovník 
650 0 7 |a vodné fajky  |2 SNKPH  |9 546693 
650 0 7 |a Hookahs  |2 SNKPHeng  |9 546694 
650 0 7 |a fajčenie  |2 SNKPH  |9 2509 
650 0 7 |a Smoking  |2 SNKPHeng  |9 324910 
655 7 |a informačné publikácie  |2 SNKPH  |9 70181 
655 7 |a Information publications  |2 SNKPHeng  |9 265188 
700 1 |a Sedláček, Miroslav  |4 aut  |9 520411 
700 1 |a Kadlecová, Marta,  |d 1986-  |4 trl  |9 174727 
830 0 |a Universum  |9 313631 
919 |a 978-80-242-3749-7 
958 |a ZS 
958 |a OP 
958 |a SK 
958 |a CZ 
958 |a NB 
999 |c 839546  |d 841476 
952 |a SNK  |b SNK  |y PREZ  |7 0  |p 17A1074240  |o snkSE 12664  |i snk2013/16084  |8 4  |g 9.63  |0 0  |1 0  |4 0  |d 2013-06-24  |f 1  |l 0  |r 2026-02-24 04:06:43  |w 2026-02-24